How to look young longer
| Main Author: | |
|---|---|
| Format: | Book |
| Published: |
Sydney
Simon & Schuster
c1991
|
| Subjects: |
MARC
| LEADER | 00000cam a2200000 7i4500 | ||
|---|---|---|---|
| 001 | 0000008950 | ||
| 008 | 021119n | ||
| 020 | |a 0731801288 | ||
| 090 | 0 | 0 | |a RL87 |b .S3 1991 |
| 100 | 0 | |a Scheibner, Adrienna |e author | |
| 245 | 0 | 0 | |a How to look young longer |c Adrianna Scheibner |
| 260 | 2 | |a Sydney |b Simon & Schuster |c c1991 | |
| 300 | |a 138 p. ; |c 21 cm. | ||
| 650 | 0 | |a Skin |x Care and hygiene | |
| 999 | |a 1000045306 |b Book |c OPEN SHELF (30 DAYS) |e Gong Badak Campus | ||